000 00585nam a2200145Ia 4500
008 100122s9999 xx 000 0 und d
082 _b25443
_a823.08
100 _aतरवडे विजय
245 _aसारे प्रवासी सौंदर्यंतिमिराचे
260 _bतरवडे प्रकाशन
_c1977
300 _a71
630 _aसारे प्रवासी सौंदर्यंतिमिराचे
730 _aसारे प्रवासी सौंदर्यंतिमिराचे
942 _cBOOK
999 _c412218
_d412215